| 000 | 00542 a2200205 4500 | ||
|---|---|---|---|
| 005 | 20240627155949.0 | ||
| 008 | 240627b |||||||| |||| 00| 0 eng d | ||
| 020 |
_a9789392262029 _cRs. 1495.00 |
||
| 040 | _aMAIN | ||
| 082 |
_a370.113 _bG959C |
||
| 100 | _aGupta, Ekata | ||
| 245 | _aCompetence based vocational and life skill education | ||
| 260 |
_bBook Enclave _c2022 _aJaipur |
||
| 300 | _axi, 199 | ||
| 650 | _aEducation | ||
| 650 | _aVocational Education | ||
| 650 | _aSkill Education | ||
| 700 | _aGoyal, Mukta | ||
| 942 | _cBK | ||
| 999 |
_c310610 _d310610 |
||